Building the new millenium : (Record no. 353220)

000 -LEADER
fixed length control field 00875 a2200253 4500
003 - CONTROL NUMBER IDENTIFIER
control field OSt
005 - DATE AND TIME OF LATEST TRANSACTION
control field 20180116192358.0
008 - FIXED-LENGTH DATA ELEMENTS--GENERAL INFORMATION
fixed length control field 120618t xxu||||| |||| 00| 0 eng d
010 ## - LIBRARY OF CONGRESS CONTROL NUMBER
LC control number 2010513481
020 ## - INTERNATIONAL STANDARD BOOK NUMBER
International Standard Book Number 9780714856001 (hbk.)
020 ## - INTERNATIONAL STANDARD BOOK NUMBER
International Standard Book Number 0714856002 (hbk.)
035 ## - SYSTEM CONTROL NUMBER
System control number (OCoLC)ocn277068673
040 ## - CATALOGING SOURCE
Transcribing agency 0
082 04 - DEWEY DECIMAL CLASSIFICATION NUMBER
Classification number 724.7
100 1# - MAIN ENTRY--PERSONAL NAME
Personal name Watson, Sally.
9 (RLIN) 4754
245 10 - TITLE STATEMENT
Title Building the new millenium :
Remainder of title architecture at the start of the 21st century /
Statement of responsibility, etc. [text by Sally Watson and Justine Sambrook ; designed by Hans Stofregen].
260 ## - PUBLICATION, DISTRIBUTION, ETC.
Place of publication, distribution, etc. London ;
-- New York :
Name of publisher, distributor, etc. Phaidon,
Date of publication, distribution, etc. 2009.
300 ## - PHYSICAL DESCRIPTION
Extent 159 p. :
Other physical details ill. ;
Dimensions 30 cm.
500 ## - GENERAL NOTE
General note Includes index.
650 10 - SUBJECT ADDED ENTRY--TOPICAL TERM
Topical term or geographic name entry element Architecture, Modern
Chronological subdivision 21st century.
9 (RLIN) 4755
700 1# - ADDED ENTRY--PERSONAL NAME
Personal name Sambrook, Justine.
9 (RLIN) 4756
942 ## - ADDED ENTRY ELEMENTS (KOHA)
Institution code [OBSOLETE] SADA
Koha item type Book
Call number prefix 724.7 WAT 2009
Source of classification or shelving scheme
Holdings
Withdrawn status Lost status Source of classification or shelving scheme Damaged status Not for loan Permanent Location Current Location Date acquired Total Checkouts Total Renewals Full call number Barcode Date last seen Date last checked out Cost, replacement price Price effective from Koha item type
          School of Art Design and Architecture (SADA) School of Art Design and Architecture (SADA) 06/28/2011 3 1 724.7 WAT 2009 SADA0001366 12/04/2013 11/11/2013 1919.00 08/05/2011 Book
© 2023 Central Library, National University of Sciences and Technology. All Rights Reserved.